[Event "WA Championship"]
[Site "Seattle"]
[Date "2007.02.10"]
[Round "1"]
[White "Bragg, David"]
[Black "Koons, Nat"]
[Result "1/2-1/2"]
[WhiteElo "2205"]
[BlackElo "2280"]
[PlyCount "24"]
[EventDate "2007.02.??"]
[SourceDate "2007.02.11"]

1. e3 e5 2. c4 g6 3. Nc3 Bg7 4. g3 Ne7 5. Bg2 c5 6. Nge2 Nbc6 7. O-O O-O 8. a3
d6 9. Rb1 a5 10. Nd5 Nxd5 11. cxd5 Ne7 12. Nc3 Bd7 1/2-1/2

[Event "WA Championship"]
[Site "Seattle"]
[Date "2007.02.10"]
[Round "1"]
[White "Raptis, Nick"]
[Black "Collyer, Curt"]
[Result "1/2-1/2"]
[WhiteElo "2286"]
[BlackElo "2218"]
[PlyCount "52"]
[EventDate "2007.02.??"]
[SourceDate "2007.02.11"]

1. c4 Nf6 2. Nc3 c5 3. Nf3 Nc6 4. g3 d5 5. cxd5 Nxd5 6. Bg2 Nc7 7. O-O e5 8. a3
f6 9. d3 Be6 10. Be3 Qd7 11. Rc1 Nd4 12. Nd2 Be7 13. Bxb7 Rb8 14. Bg2 Rxb2 15.
Rb1 Rxb1 16. Qxb1 O-O 17. Qb7 Ncb5 18. Nxb5 Qxb7 19. Bxb7 Nxb5 20. Rc1 Rb8 21.
Bf3 Nxa3 22. Ne4 c4 23. Bxa7 Rc8 24. dxc4 Nxc4 25. g4 Kf8 26. Ng3 g6 1/2-1/2

[Event "WA Championship"]
[Site "Seattle"]
[Date "2007.02.10"]
[Round "1"]
[White "Readey, John"]
[Black "Pupols, Viktors"]
[Result "0-1"]
[WhiteElo "2336"]
[BlackElo "2237"]
[PlyCount "106"]
[EventDate "2007.02.??"]
[SourceDate "2007.02.11"]

1. Nf3 d5 2. d4 e6 3. c4 Nf6 4. g3 Be7 5. Bg2 O-O 6. O-O dxc4 7. Qc2 a6 8. Qxc4
b5 9. Qc2 Bb7 10. Bd2 Nbd7 11. Ba5 Rc8 12. Nbd2 Qe8 13. b4 Nd5 14. Nb3 f5 15.
Nfd2 Qh5 16. e3 Rf6 17. Qd1 Qf7 18. Rc1 Rh6 19. e4 Nxb4 20. Rxc7 Rxc7 21. Bxc7
fxe4 22. Nxe4 Nd5 23. Ba5 b4 24. Qe2 Qe8 25. Rc1 Nf8 26. f4 Qa4 27. Bc7 Bc6 28.
Qd2 Be8 29. Bd6 Bxd6 30. Nxd6 Nc3 31. Nxe8 Qxe8 32. Nc5 Qh5 33. Bf1 Qd5 34. a3
a5 35. Re1 Rf6 36. Re5 Qd6 37. Bc4 Nb1 38. Qd3 Nxa3 39. Ne4 Qb6 40. Nxf6+ gxf6
41. Rh5 Kg7 42. f5 Nxc4 43. Qxc4 b3 44. fxe6 b2 45. Rb5 b1=Q+ 46. Rxb1 Qxb1+
47. Kf2 Qb2+ 48. Kf1 Qb1+ 49. Kf2 Qf5+ 50. Kg2 Qxe6 51. Qc7+ Nd7 52. Qxa5 Qe4+
53. Kf1 Qxd4 0-1

[Event "WA Championship"]
[Site "Seattle"]
[Date "2007.02.10"]
[Round "1"]
[White "Bartron, Paul"]
[Black "Lee, Michael"]
[Result "1-0"]
[WhiteElo "2110"]
[BlackElo "2202"]
[PlyCount "145"]
[EventDate "2007.02.??"]
[SourceDate "2007.02.11"]

1. e4 c5 2. Nf3 d6 3. d4 cxd4 4. Nxd4 Nf6 5. Nc3 g6 6. Be2 Bg7 7. Be3 O-O 8.
O-O Nc6 9. Qd2 Ng4 10. Bxg4 Bxg4 11. h3 Bd7 12. Nce2 Rc8 13. Rac1 Na5 14. b3 b5
15. Nc3 a6 16. Nd5 Nc6 17. Ne2 Rb8 18. c4 Re8 19. cxb5 axb5 20. Rc2 e6 21. Ndf4
Qe7 22. Rd1 Red8 23. Nd4 Nxd4 24. Bxd4 Bxd4 25. Qxd4 Be8 26. Rdc1 Rb7 27. Ne2
Rdd7 28. a4 bxa4 29. bxa4 d5 30. Rc5 e5 31. Qd3 d4 32. f4 f6 33. fxe5 fxe5 34.
a5 Bf7 35. Qg3 d3 36. Rxe5 Qd8 37. Nf4 d2 38. Rd1 Rdc7 39. Qe3 Rc1 40. Rxc1
dxc1=Q+ 41. Qxc1 Qd4+ 42. Kh1 Rb3 43. Ne6 Bxe6 44. Rxe6 Rd3 45. Qf4 Rd1+ 46.
Kh2 Qg1+ 47. Kg3 Rd3+ 48. Kh4 Qc5 49. Re8+ Kg7 50. Qe5+ Qxe5 51. Rxe5 Kf6 52.
Rb5 Ra3 53. Kg4 Ra2 54. g3 h5+ 55. Kf4 Rf2+ 56. Ke3 Rg2 57. Kf3 Ra2 58. h4 Ra1
59. Rb6+ Ke5 60. Rxg6 Ra3+ 61. Ke2 Kxe4 62. a6 Ra2+ 63. Kd1 Kf3 64. Kc1 Ke4 65.
Kb1 Ra4 66. g4 Kd3 67. gxh5 Rxh4 68. Rd6+ Kc3 69. Rc6+ Kb3 70. Rb6+ Kc3 71. a7
Ra4 72. Rb7 Ra6 73. h6 1-0

[Event "WA Championship"]
[Site "Seattle"]
[Date "2007.02.10"]
[Round "1"]
[White "Perez, Ignacio"]
[Black "MacGregor, Michael"]
[Result "1-0"]
[WhiteElo "2239"]
[BlackElo "2175"]
[PlyCount "113"]
[EventDate "2007.02.??"]
[SourceDate "2007.02.11"]

1. e4 e5 2. Nf3 Nc6 3. Bb5 a6 4. Ba4 Nf6 5. O-O Be7 6. Re1 b5 7. Bb3 O-O 8. h3
d6 9. c3 Na5 10. Bc2 c5 11. d4 Qc7 12. Nbd2 Be6 13. d5 Bd7 14. b3 Nb7 15. Nf1
a5 16. a4 c4 17. b4 Rfb8 18. Ng3 Nd8 19. axb5 axb4 20. Rxa8 Rxa8 21. cxb4 Bxb5
22. Nf5 Bf8 23. Bg5 Ne8 24. Nd2 f6 25. Bh4 g6 26. Ne3 Bh6 27. Nb1 Ra1 28. Ng4
Bg7 29. Qd2 Qa7 30. Rd1 Qd4 31. Qc3 Rxb1 32. Qxd4 exd4 33. Bxb1 h5 34. Nh2 g5
35. Nf3 d3 36. Bg3 f5 37. exf5 c3 38. Rxd3 Bxd3 39. Bxd3 Nf7 40. b5 g4 41. hxg4
hxg4 42. b6 Nd8 43. Ng5 Bd4 44. Ne4 Bxb6 45. Nxd6 Nxd6 46. Bxd6 Nf7 47. Bf4 Kg7
48. Kf1 Kf6 49. Ke2 Ne5 50. Be3 Nd7 51. d6 Ke5 52. Bb5 Nc5 53. d7 Kd6 54. f6
Nxd7 55. Bxd7 Bxe3 56. fxe3 Kxd7 57. e4 1-0

[Event "WA Championship"]
[Site "Seattle"]
[Date "2007.02.10"]
[Round "2"]
[White "Lee, Michael"]
[Black "Bragg, David"]
[Result "1/2-1/2"]
[WhiteElo "2202"]
[BlackElo "2205"]
[PlyCount "100"]
[EventDate "2007.02.??"]
[SourceDate "2007.02.11"]

1. c4 f5 2. Nc3 Nf6 3. g3 g6 4. Bg2 Bg7 5. Nf3 O-O 6. O-O c5 7. d4 cxd4 8. Nxd4
Nc6 9. e3 a6 10. b3 e5 11. Nxc6 dxc6 12. Ba3 Qxd1 13. Raxd1 Re8 14. Rd2 e4 15.
Rfd1 b5 16. Ne2 bxc4 17. bxc4 Be6 18. Nd4 Bxc4 19. Nxc6 Bb5 20. Nd4 Ba4 21. Rc1
Red8 22. Bf1 Ng4 23. Rc7 Be5 24. Re7 Bb5 25. h3 Bxd4 26. Rxd4 Rxd4 27. exd4 Nh2
28. Kxh2 Bxf1 29. d5 Rd8 30. d6 Bb5 31. g4 Rd7 32. Re5 fxg4 33. hxg4 Bc4 34.
Rxe4 Bxa2 35. Ra4 Be6 36. Kg3 Ra7 37. Bc5 Ra8 38. Bb6 Bd7 39. Ra3 Bb5 40. Rb3
Bd7 41. Ra3 Kf7 42. f4 Rc8 43. Bc7 Ra8 44. Ra5 Re8 45. Rxa6 h5 46. gxh5 gxh5
47. Ra5 Rg8+ 48. Kf2 h4 49. Re5 Kf6 50. Rh5 h3 1/2-1/2

[Event "WA Championship"]
[Site "Seattle"]
[Date "2007.02.10"]
[Round "2"]
[White "Readey, John"]
[Black "Bartron, Paul"]
[Result "0-1"]
[WhiteElo "2336"]
[BlackElo "2110"]
[PlyCount "116"]
[EventDate "2007.02.??"]
[SourceDate "2007.02.11"]

1. Nf3 Nf6 2. c4 e6 3. g3 d5 4. d4 c6 5. Bg2 Nbd7 6. Qc2 Be7 7. O-O O-O 8. b3
b6 9. Rd1 Ne4 10. Nbd2 Nxd2 11. Nxd2 Bb7 12. e4 Rc8 13. Bb2 Qc7 14. Rac1 Qb8
15. Qb1 h6 16. Nf1 Rfd8 17. Ne3 dxe4 18. Bxe4 Nf6 19. Bg2 Rd7 20. Re1 Rcd8 21.
Qa1 Qa8 22. Bh3 Rc7 23. Re2 Ne8 24. Bg2 Rcd7 25. Rce1 Bf6 26. Rd1 c5 27. Bxb7
Qxb7 28. d5 Bxb2 29. Rxb2 Nc7 30. Rbd2 exd5 31. cxd5 Nxd5 32. Nf5 f6 33. Qc1
Nb4 34. a3 Nc6 35. f4 Rxd2 36. Rxd2 Rxd2 37. Qxd2 Qf7 38. Qd6 Nd4 39. Nxd4 cxd4
40. Qxd4 Qxb3 41. a4 a6 42. Qe4 Qd1+ 43. Kg2 Qd2+ 44. Kg1 Qc1+ 45. Kg2 Qc8 46.
Qd5+ Kh8 47. Qe4 b5 48. axb5 axb5 49. f5 Kh7 50. h4 Qc4 51. Qxc4 bxc4 52. Kf3
g6 53. Ke3 h5 54. Kd4 gxf5 55. Kxc4 Kg6 56. Kd4 f4 57. gxf4 Kf5 58. Ke3 Kg4 0-1

[Event "WA Championship"]
[Site "Seattle"]
[Date "2007.02.10"]
[Round "2"]
[White "Collyer, Curt"]
[Black "Perez, Ignacio"]
[Result "1/2-1/2"]
[WhiteElo "2218"]
[BlackElo "2239"]
[PlyCount "129"]
[EventDate "2007.02.??"]
[SourceDate "2007.02.11"]

1. d4 Nf6 2. Nf3 g6 3. Bg5 Bg7 4. Nbd2 O-O 5. e4 c5 6. c3 cxd4 7. cxd4 d6 8.
Bd3 h6 9. Bh4 Nc6 10. d5 Nb4 11. Be2 a5 12. O-O Nh5 13. a3 Na6 14. Rb1 Nc5 15.
Re1 Nf4 16. Bf1 g5 17. Bg3 Ncd3 18. Bxd3 Nxd3 19. Re3 Nxb2 20. Qb3 a4 21. Qb4
f5 22. exf5 Qc7 23. Nd4 Qc5 24. Qxc5 dxc5 25. Ne6 Bxe6 26. fxe6 Rf5 27. d6 exd6
28. Ne4 Nc4 29. Nxd6 Nxd6 30. Bxd6 Rd5 31. Bg3 c4 32. h3 b5 33. e7 Re8 34. Re6
c3 35. Rc1 Kf7 36. Rc6 Rxe7 37. Bd6 Re6 38. Rc7+ Kg6 39. Bb4 Be5 40. Rc8 Rd3
41. g3 Bd4 42. Bxc3 Rxg3+ 43. Kf1 Rxc3 44. R1xc3 Bxc3 45. Rxc3 Re4 46. Rc6+ Kh5
47. Rb6 Re5 48. Kg2 Rc5 49. Kh2 Rc2 50. Kg2 Rb2 51. Kg3 Rb3+ 52. Kg2 Rxa3 53.
Rxb5 Rb3 54. Ra5 Rb4 55. Kg3 Kg6 56. Ra6+ Kg7 57. Ra7+ Kf8 58. Ra6 h5 59. Ra7
g4 60. h4 Ke8 61. Ra5 Kd7 62. Rxh5 Kc6 63. Ra5 Kb6 64. Ra8 Kb7 65. Ra5 1/2-1/2

[Event "WA Championship"]
[Site "Seattle"]
[Date "2007.02.10"]
[Round "2"]
[White "Koons, Nat"]
[Black "Raptis, Nick"]
[Result "1/2-1/2"]
[WhiteElo "2280"]
[BlackElo "2286"]
[PlyCount "131"]
[EventDate "2007.02.??"]
[SourceDate "2007.02.11"]

1. e4 e6 2. d4 d5 3. e5 c5 4. c3 Nc6 5. Nf3 Qb6 6. a3 c4 7. Nbd2 Na5 8. Be2 Bd7
9. O-O Ne7 10. Rb1 Ng6 11. g3 Be7 12. h4 h6 13. Qc2 Rc8 14. Nh2 Nb3 15. Nxb3
Ba4 16. Be3 Nf8 17. h5 cxb3 18. Qd2 Bb5 19. f4 g6 20. hxg6 fxg6 21. g4 Kd7 22.
f5 Bxe2 23. Qxe2 exf5 24. e6+ Nxe6 25. gxf5 Ng7 26. fxg6 Qxg6+ 27. Qg4+ Qxg4+
28. Nxg4 Rcg8 29. Ne5+ Ke6 30. Kh2 Nf5 31. Bf4 Bh4 32. Nf3 Bg3+ 33. Bxg3 Nxg3
34. Rbe1+ Ne4 35. Rg1 Rxg1 36. Rxg1 Rf8 37. Ne5 Rf2+ 38. Kh3 Ng5+ 39. Kg4 Rxb2
40. Nd3 Rc2 41. Nc5+ Kf6 42. Nxb3 b6 43. Rc1 Ra2 44. Rf1+ Kg6 45. Nc1 Ra1 46.
Kf4 Kf6 47. Ke3+ Ke7 48. Kd3 Ne4 49. a4 Rxa4 50. Ne2 Ra2 51. Nf4 Nf6 52. Rh1
Rf2 53. Ng6+ Kf7 54. Ne5+ Kg7 55. Rg1+ Kh7 56. Ra1 a5 57. Rb1 a4 58. Rxb6 a3
59. Rb7+ Kg8 60. Ra7 a2 61. c4 dxc4+ 62. Kxc4 Rc2+ 63. Kb3 Rd2 64. Rxa2 Rxd4
65. Ra8+ Kg7 66. Ra7+ 1/2-1/2

[Event "WA Championship"]
[Site "Seattle"]
[Date "2007.02.12"]
[Round "2"]
[White "Pupols, Viktors"]
[Black "MacGregor, Michael"]
[Result "1/2-1/2"]
[WhiteElo "2237"]
[BlackElo "2175"]
[PlyCount "181"]
[EventDate "2007.02.??"]
[SourceDate "2007.02.11"]

1. c4 Nf6 2. Nc3 c6 3. d4 d5 4. Nf3 e6 5. cxd5 exd5 6. Bg5 Be7 7. Qc2 O-O 8. e3
Nbd7 9. Bd3 Re8 10. O-O h6 11. Bh4 Ne4 12. Bxe7 Qxe7 13. Bxe4 dxe4 14. Nd2 Nf6
15. Rfc1 Qe6 16. b4 Qf5 17. Nc4 Qg5 18. Ne2 Qh4 19. Ng3 Ng4 20. h3 Nf6 21. Kf1
Nd5 22. a3 Re6 23. Kg1 b5 24. Ne5 Nxe3 25. Qxe4 Qxe4 26. Nxe4 Nf5 27. Rxc6 Nxd4
28. Rxe6 Bxe6 29. Nc5 Nc2 30. Rc1 Bf5 31. g4 Bh7 32. f4 Nxa3 33. f5 f6 34. Nc6
Kh8 35. Ra1 Nc4 36. Rxa7 Rxa7 37. Nxa7 Nd6 38. Nc6 Bg8 39. Kf2 Bc4 40. Ne7 Ba2
41. Ke3 Bc4 42. Nd3 Nf7 43. Nf4 Ne5 44. Kd4 Bf1 45. Ned5 Bc4 46. Ne3 Bf7 47.
Kc5 Be8 48. Ned5 Kg8 49. Nc7 Bd7 50. Nxb5 h5 51. Nd6 hxg4 52. hxg4 Nxg4 53. b5
Bxb5 54. Kxb5 Ne3 55. Kc5 Nxf5 56. Nxf5 g5 57. Nh5 Kf7 58. Kd5 Kg6 59. Nhg3 Kf7
60. Kd6 Ke8 61. Ke6 Kd8 62. Nh6 Kc7 63. Ng4 Kc6 64. Nf5 Kc5 65. Kxf6 Kd5 66.
Nfe3+ Ke4 67. Ke6 Kf4 68. Kd5 Kf3 69. Ke5 Kg3 70. Ke4 Kh4 71. Kf5 Kg3 72. Nf1+
Kf3 73. Nfh2+ Ke2 74. Ke4 Kd2 75. Kd4 Kc2 76. Nf3 Kb3 77. Nfe5 Kb4 78. Nd3+ Kb3
79. Kc5 Kc3 80. Ndf2 Kb3 81. Ne4 Ka4 82. Nd2 Ka5 83. Nb3+ Ka4 84. Kc4 Ka3 85.
Nc5 Kb2 86. Kd4 Ka3 87. Kc3 Ka2 88. Nd3 Ka3 89. Nb2 Ka2 90. Nc4 Kb1 91. Kd2 {
and white had mate in 6 moves, but not enough time on the clock.} (91. Kd2 Ka1
92. Kc2 Ka2 93. Nge3 g4 94. Nd5 g3 95. Nb4+ Ka1 96. Nd2 g2 97. Nb3#) 1/2-1/2

[Event "WA Championship"]
[Site "Seattle"]
[Date "2007.02.11"]
[Round "3"]
[White "Perez, Ignacio"]
[Black "Koons, Nat"]
[Result "1-0"]
[WhiteElo "2239"]
[BlackElo "2280"]
[PlyCount "75"]
[EventDate "2007.02.??"]
[SourceDate "2007.02.11"]

1. e4 e5 2. Nf3 Nc6 3. Bb5 f5 4. Nc3 Nf6 5. d4 exd4 6. Nxd4 fxe4 7. Bg5 Nxd4 8.
Qxd4 c6 9. Nxe4 Qa5+ 10. Bd2 Qd8 11. Nxf6+ Qxf6 12. Qxf6 gxf6 13. Be2 Kf7 14.
h4 d5 15. O-O-O Bf5 16. g4 Bd7 17. Bc3 Re8 18. Bf3 Bg7 19. Bd4 Rhg8 20. c4 Bxg4
21. Bxg4 Bh6+ 22. Kb1 Rxg4 23. cxd5 Rd8 24. f3 Rg3 25. dxc6 bxc6 26. Bxa7 Rxd1+
27. Rxd1 Rxf3 28. Rd7+ Kg6 29. h5+ Kxh5 30. Rxh7 Kg6 31. Rb7 Be3 32. a4 f5 33.
a5 f4 34. a6 Rf1+ 35. Ka2 Rh1 36. Bxe3 fxe3 37. Re7 Rh4 38. Rxe3 1-0

[Event "WA Championship"]
[Site "Seattle"]
[Date "2007.02.11"]
[Round "3"]
[White "Raptis, Nick"]
[Black "Lee, Michael"]
[Result "0-1"]
[WhiteElo "2286"]
[BlackElo "2202"]
[PlyCount "84"]
[EventDate "2007.02.??"]
[SourceDate "2007.02.11"]

1. d4 Nf6 2. Nf3 g6 3. c4 Bg7 4. Nc3 O-O 5. e4 d6 6. Be2 e5 7. O-O Nc6 8. d5
Ne7 9. Ne1 Nd7 10. Be3 f5 11. f3 Nf6 12. Rc1 f4 13. Bf2 g5 14. c5 Ng6 15. cxd6
cxd6 16. Nb5 Rf7 17. Nxa7 Bd7 18. Qc2 g4 19. Qc7 Qf8 20. Qxb7 g3 21. hxg3 fxg3
22. Bxg3 Bh6 23. Rc3 Nh5 24. Bf2 Ngf4 25. Bb5 Rb8 26. Qa6 Bxb5 27. Nxb5 Ne2+
28. Kh1 Nhg3+ 29. Bxg3 Nxg3+ 30. Kg1 Ne2+ 31. Kf2 Nxc3 32. bxc3 Ra8 33. Qxd6
Rxa2+ 34. Kg1 Be3+ 35. Kh2 Qg7 36. Qe6 Bf4+ 37. Kh1 Qg6 38. Qh3 Qa6 39. Qg4+
Kh8 40. Qh5 Qxb5 41. Rg1 Rf6 42. Qe8+ Qxe8 0-1

[Event "WA Championship"]
[Site "Seattle"]
[Date "2007.02.11"]
[Round "3"]
[White "Bartron, Paul"]
[Black "Pupols, Viktors"]
[Result "1-0"]
[WhiteElo "2110"]
[BlackElo "2237"]
[PlyCount "95"]
[EventDate "2007.02.??"]
[SourceDate "2007.02.11"]

1. e4 c6 2. d4 d5 3. Nc3 dxe4 4. Nxe4 Nd7 5. Nf3 Ngf6 6. Ng3 e6 7. Bd3 Bd6 8.
O-O O-O 9. Re1 c5 10. c3 Qc7 11. Qe2 b6 12. Ne4 Nxe4 13. Qxe4 Nf6 14. Qh4 Rd8
15. Bg5 Be7 16. Bxf6 Bxf6 17. Qxh7+ Kf8 18. d5 Rxd5 19. Be4 Bb7 20. Bxd5 Bxd5
21. Re3 Rd8 22. Qc2 g6 23. Rd1 Kg7 24. c4 Bxf3 25. Rxd8 Qxd8 26. Rxf3 Qd4 27.
Ra3 Qd7 28. h3 Be5 29. Qe2 Qc7 30. Rd3 Bd4 31. b3 e5 32. g4 Qb7 33. Rg3 f6 34.
h4 e4 35. Rh3 Qe7 36. Kg2 Qe5 37. Rh1 Qf4 38. h5 g5 39. Re1 f5 40. gxf5 Qxf5
41. Qxe4 Qxf2+ 42. Kh3 Qh4+ 43. Qxh4 gxh4 44. Re7+ Kh6 45. Rxa7 Kxh5 46. Rb7
Kg5 47. Rxb6 Kf4 48. a4 1-0

[Event "WA Championship"]
[Site "Seattle"]
[Date "2007.02.11"]
[Round "3"]
[White "MacGregor, Michael"]
[Black "Collyer, Curt"]
[Result "1-0"]
[WhiteElo "2175"]
[BlackElo "2218"]
[PlyCount "77"]
[EventDate "2007.02.??"]
[SourceDate "2007.02.11"]

1. e4 e6 2. d4 d5 3. Nc3 a6 4. Bd3 Nc6 5. Nf3 Nb4 6. O-O Be7 7. exd5 exd5 8.
Ne5 Nxd3 9. Qxd3 Nf6 10. Bg5 O-O 11. Rad1 c6 12. Rfe1 Re8 13. h3 Be6 14. Re3 c5
15. Rg3 Qc7 16. Qf3 Kh8 17. Be3 b5 18. Qf4 Rac8 19. Qf3 Rf8 20. Bf4 Qa7 21.
dxc5 Qxc5 22. Nd3 Qc6 23. Be5 Rfd8 24. Nf4 d4 25. Ne4 Bd5 26. Nxd5 Rxd5 27.
Bxf6 Bxf6 28. Nxf6 gxf6 29. c3 Rcd8 30. Rxd4 Qe6 31. Rxd5 Rxd5 32. Qf4 Rg5 33.
Rxg5 fxg5 34. Qxg5 Qe1+ 35. Kh2 Qxf2 36. Qd8+ Kg7 37. Qd4+ Qxd4 38. cxd4 Kf6
39. Kg3 1-0

[Event "WA Championship"]
[Site "Seattle"]
[Date "2007.02.11"]
[Round "3"]
[White "Bragg, David"]
[Black "Readey, John"]
[Result "0-1"]
[WhiteElo "2205"]
[BlackElo "2336"]
[PlyCount "96"]
[EventDate "2007.02.??"]
[SourceDate "2007.02.11"]

1. e4 d6 2. d4 Nf6 3. Nc3 g6 4. Be2 Bg7 5. f4 c5 6. Nf3 cxd4 7. Nxd4 Nc6 8. Nb3
Bd7 9. Be3 a6 10. g4 h6 11. a4 a5 12. Nd5 Nxe4 13. Bb6 Qc8 14. c3 Kf8 15. Nc7
Rb8 16. Bf3 Nf6 17. h3 h5 18. g5 Ne8 19. Nb5 Bxh3 20. Nxa5 Bd7 21. Nc4 Nd4 22.
Bxd4 Qxc4 23. Bd5 Qc8 24. Bb6 Bc6 25. O-O Qf5 26. Bxc6 bxc6 27. Nd4 Bxd4+ 28.
Qxd4 Kg8 29. a5 h4 30. Kh2 e5 31. fxe5 Qxg5 32. exd6 Qg3+ 33. Kh1 Nxd6 34. Qf4
Nf5 35. Rf3 Qxf4 36. Rxf4 Kg7 37. Rg1 Ng3+ 38. Kh2 Ne2 39. Rf2 Rxb6 40. Rxe2
Rb5 41. b4 g5 42. Re7 Rd8 43. Rc7 Rd2+ 44. Rg2 Rxg2+ 45. Kxg2 g4 46. Rxc6 h3+
47. Kg3 Rh5 48. Rc5 f5 0-1

[Event "WA Championship"]
[Site "Seattle"]
[Date "2007.02.11"]
[Round "4"]
[White "Bartron, Paul"]
[Black "Bragg, David"]
[Result "0-1"]
[WhiteElo "2110"]
[BlackElo "2205"]
[PlyCount "76"]
[EventDate "2007.02.??"]
[SourceDate "2007.02.11"]

1. e4 c5 2. Nf3 d6 3. d4 cxd4 4. Nxd4 Nf6 5. Nc3 a6 6. Be2 e6 7. Be3 Nc6 8. Qd2
Bd7 9. O-O Qc7 10. f4 Be7 11. Bf3 Nxd4 12. Bxd4 e5 13. Be3 Bc6 14. a4 O-O 15.
Nd5 Bxd5 16. exd5 e4 17. Be2 Nd7 18. a5 f5 19. c4 Bf6 20. Rac1 Nc5 21. Rc2 Nb3
22. Qb4 Nd4 23. Rd2 Qc5 24. Qxc5 dxc5 25. Bd1 b5 26. axb6 a5 27. Ba4 Rab8 28.
b7 Rxb7 29. Bc6 Rb3 30. Kf2 Rfb8 31. Rb1 Rxe3 32. Kxe3 Rb3+ 33. Kf2 e3+ 34. Ke1
exd2+ 35. Kxd2 Nxc6 36. dxc6 Rb6 37. Ra1 Rxc6 38. Rxa5 Bxb2 0-1

[Event "WA Championship"]
[Site "Seattle"]
[Date "2007.02.11"]
[Round "4"]
[White "Readey, John"]
[Black "Raptis, Nick"]
[Result "1/2-1/2"]
[WhiteElo "2336"]
[BlackElo "2286"]
[PlyCount "76"]
[EventDate "2007.02.??"]
[SourceDate "2007.02.11"]

1. Nf3 Nf6 2. c4 e6 3. g3 d5 4. Bg2 Be7 5. O-O O-O 6. d4 dxc4 7. Qc2 a6 8. Qxc4
b5 9. Qc2 Bb7 10. Bf4 Bd6 11. Nbd2 Nbd7 12. Nb3 Be4 13. Qd2 Qe7 14. Rac1 Rfc8
15. Bxd6 cxd6 16. Qa5 Rcb8 17. Nfd2 Bxg2 18. Kxg2 Nb6 19. e4 Qb7 20. f3 Rc8 21.
Qb4 Qd7 22. Na5 h6 23. b3 Rxc1 24. Rxc1 Rc8 25. Qa3 Kh7 26. Qb2 Rc7 27. Rc3 Qc8
28. Nb1 b4 29. Rxc7 Qxc7 30. a3 bxa3 31. Nxa3 Na4 32. Qd2 Nc3 33. N5c4 Nb5 34.
Nxb5 axb5 35. Na3 Qc6 36. Qc2 Qa6 37. Nxb5 Qxb5 38. e5+ Kg8 1/2-1/2

[Event "WA Championship"]
[Site "Seattle"]
[Date "2007.02.11"]
[Round "4"]
[White "Lee, Michael"]
[Black "Perez, Ignacio"]
[Result "1-0"]
[WhiteElo "2202"]
[BlackElo "2239"]
[PlyCount "60"]
[EventDate "2007.02.??"]
[SourceDate "2007.02.11"]

1. c4 Nf6 2. Nc3 g6 3. g3 Bg7 4. Bg2 O-O 5. e4 d6 6. Nge2 e5 7. O-O Nbd7 8. f4
c6 9. h3 Re8 10. d3 b5 11. Be3 b4 12. Na4 d5 13. Qc2 dxe4 14. dxe4 exf4 15.
gxf4 Nxe4 16. Bxe4 Nf6 17. Bxc6 Rxe3 18. Bxa8 Bf5 19. Rad1 Qxa8 20. Qd2 Qe8 21.
Rfe1 Rd3 22. Nc1 Qxa4 23. Nxd3 h5 24. Qxb4 Qa6 25. Ne5 Ne4 26. Rd4 Ng3 27. Qa3
Qb6 28. c5 Qc7 29. Qxg3 Qxc5 30. Qf2 Kh7 1-0

[Event "WA Championship"]
[Site "Seattle"]
[Date "2007.02.11"]
[Round "4"]
[White "Koons, Nat"]
[Black "MacGregor, Michael"]
[Result "1-0"]
[WhiteElo "2280"]
[BlackElo "2175"]
[PlyCount "81"]
[EventDate "2007.02.??"]
[SourceDate "2007.02.11"]

1. d4 Nf6 2. c4 g6 3. Nc3 d5 4. cxd5 Nxd5 5. e4 Nxc3 6. bxc3 Bg7 7. Nf3 O-O 8.
Be2 c5 9. Rb1 cxd4 10. cxd4 Qa5+ 11. Bd2 Qxa2 12. O-O Bg4 13. Bg5 h6 14. Bh4 g5
15. Bg3 Nc6 16. d5 Bxf3 17. Bxf3 Nd4 18. e5 Nxf3+ 19. Qxf3 f5 20. exf6 Rxf6 21.
Qe4 Rf7 22. Rxb7 Rd8 23. Rxe7 Qxd5 24. Re8+ Rf8 25. Rxf8+ Bxf8 26. Qg6+ Bg7 27.
h4 Qf7 28. Qa6 gxh4 29. Bxh4 Rd4 30. Bg3 Kh7 31. Rc1 Rd7 32. Bb8 Bd4 33. Qe2
Qg6 34. Qf3 Rg7 35. Kh2 Bf6 36. Rc6 Rf7 37. Ra6 Qg5 38. Qe4+ Kg7 39. Rxa7 Qh5+
40. Kg3 Be5+ 41. Bxe5+ 1-0

[Event "WA Championship"]
[Site "Seattle"]
[Date "2007.02.11"]
[Round "4"]
[White "Pupols, Viktors"]
[Black "Collyer, Curt"]
[Result "0-1"]
[WhiteElo "2237"]
[BlackElo "2218"]
[PlyCount "108"]
[EventDate "2007.02.??"]
[SourceDate "2007.02.11"]

1. d4 d5 2. c4 c6 3. Nf3 Nf6 4. Nc3 a6 5. c5 Nbd7 6. Bf4 Nh5 7. e3 Nxf4 8. exf4
g6 9. Bd3 Bg7 10. O-O Qc7 11. g3 O-O 12. Re1 Re8 13. Ne5 Nf8 14. Na4 f6 15. Nb6
Rb8 16. Nf3 Bg4 17. Be2 Bxf3 18. Bxf3 e5 19. fxe5 fxe5 20. dxe5 Rxe5 21. Rxe5
Qxe5 22. Rb1 Re8 23. b4 Ne6 24. Rb3 Bh6 25. Bg4 Nd4 26. Rd3 Ne2+ 27. Bxe2 Qxe2
28. Qxe2 Rxe2 29. a3 Ra2 30. Nd7 Bc1 31. Rf3 Bxa3 32. Nf6+ Kf7 33. Nxd5+ Ke6
34. Nf4+ Ke5 35. Re3+ Kd4 36. Ne6+ Kc4 37. Nd8 Bxb4 38. Re4+ Kb5 39. Nxb7 Bxc5
40. Re5 Rc2 41. Nd6+ Kb4 42. Ne4 a5 43. Re8 a4 44. Rb8+ Ka3 45. h4 Ka2 46. g4
Rc4 47. Nxc5 Rxc5 48. Rb7 a3 49. Rxh7 Kb1 50. g5 a2 51. Ra7 Rc4 52. Rb7+ Kc2
53. Ra7 Kb2 54. Rb7+ Ka3 0-1

[Event "WA Championship"]
[Site "Seattle"]
[Date "2007.02.17"]
[Round "5"]
[White "Raptis, Nick"]
[Black "Bartron, Paul"]
[Result "1/2-1/2"]
[WhiteElo "2286"]
[BlackElo "2110"]
[PlyCount "97"]
[EventDate "2007.02.??"]
[SourceDate "2007.02.11"]

1. Nf3 Nf6 2. g3 d5 3. Bg2 e6 4. O-O Be7 5. c4 c6 6. d4 Nbd7 7. Nc3 b6 8. Ne5
Bb7 9. e4 Nxe5 10. exd5 Nf3+ 11. Bxf3 exd5 12. cxd5 Nxd5 13. Nxd5 cxd5 14. Bf4
O-O 15. Rc1 Bd6 16. Qd2 Qd7 17. Bxd6 Qxd6 18. Rc3 Rac8 19. Rfc1 h6 20. Qf4 Qxf4
21. gxf4 Rxc3 22. bxc3 Rd8 23. c4 Rd7 24. c5 Rc7 25. Rc3 bxc5 26. Rxc5 Rxc5 27.
dxc5 Kf8 28. Kf1 Ke7 29. Ke2 Ba6+ 30. Ke3 Bc4 31. a3 Kd7 32. Kd4 Kc6 33. Bd1
Kb5 34. h4 a5 35. Bc2 f6 36. Bg6 Kc6 37. Bf7 Ba2 38. Be8+ Kc7 39. Bb5 Bb3 40.
Kc3 Bd1 41. Be8 Bg4 42. Kd4 Bf3 43. Bb5 Kb7 44. Ke3 Bg4 45. Ba4 Kc7 46. Kd4 Bf3
47. Kc3 Kb7 48. Bb5 Kc7 49. Ba4 1/2-1/2

[Event "WA Championship"]
[Site "Seattle"]
[Date "2007.02.17"]
[Round "5"]
[White "MacGregor, Michael"]
[Black "Lee, Michael"]
[Result "0-1"]
[WhiteElo "2175"]
[BlackElo "2202"]
[PlyCount "72"]
[EventDate "2007.02.??"]
[SourceDate "2007.02.11"]

1. e4 c5 2. Nf3 Nc6 3. d4 cxd4 4. Nxd4 Nf6 5. Nc3 e5 6. Ndb5 d6 7. Bg5 a6 8.
Na3 b5 9. Nd5 Be7 10. Bxf6 Bxf6 11. c3 O-O 12. h4 Ne7 13. Nxe7+ Bxe7 14. Nc2
Bb7 15. Bd3 f5 16. exf5 d5 17. Qh5 Bf6 18. O-O-O Qb6 19. g4 e4 20. Be2 Be5 21.
Kb1 Rac8 22. Rhf1 b4 23. Nxb4 Bxc3 24. bxc3 Rxc3 25. Rd2 a5 26. Bd1 Qxb4+ 27.
Rb2 Qc4 28. Be2 Qc7 29. Qg5 h6 30. Qd2 Rc8 31. a4 Qc6 32. g5 Rc7 33. Bb5 Qd6
34. f6 d4 35. fxg7 e3 36. fxe3 Be4+ 0-1

[Event "WA Championship"]
[Site "Seattle"]
[Date "2007.02.17"]
[Round "5"]
[White "Bragg, David"]
[Black "Pupols, Viktors"]
[Result "0-1"]
[WhiteElo "2205"]
[BlackElo "2237"]
[PlyCount "74"]
[EventDate "2007.02.??"]
[SourceDate "2007.02.11"]

1. d4 d5 2. c4 e6 3. Nc3 Nf6 4. Nf3 c6 5. e3 Nbd7 6. Bd3 dxc4 7. Bxc4 b5 8. Bd3
a6 9. O-O c5 10. b3 Bb7 11. Bb2 cxd4 12. Nxd4 Nc5 13. Be2 b4 14. Nb1 Be7 15. a3
bxa3 16. Nxa3 O-O 17. b4 Ncd7 18. b5 axb5 19. Naxb5 Rxa1 20. Bxa1 Qb6 21. Qb1
Be4 22. Qb2 Rb8 23. f3 Bd5 24. Kh1 e5 25. Nf5 Bf8 26. Qd2 Ra8 27. Nc3 Be6 28.
Ng3 Nc5 29. Nce4 Nfxe4 30. Nxe4 Nxe4 31. fxe4 f6 32. Bg4 Bf7 33. h3 Ra2 34. Qd7
Qa6 35. Qd1 Qa3 36. Bxe5 fxe5 37. Rxf7 Ra1 0-1

[Event "WA Championship"]
[Site "Seattle"]
[Date "2007.02.17"]
[Round "5"]
[White "Collyer, Curt"]
[Black "Koons, Nat"]
[Result "0-1"]
[WhiteElo "2218"]
[BlackElo "2280"]
[PlyCount "80"]
[EventDate "2007.02.??"]
[SourceDate "2007.02.11"]

1. d4 d5 2. c4 dxc4 3. Nf3 Nf6 4. e3 e6 5. Bxc4 a6 6. a4 c5 7. O-O Nc6 8. Qe2
cxd4 9. Rd1 Be7 10. Nxd4 Nxd4 11. Rxd4 Qc7 12. Nc3 Bd7 13. b3 Bd6 14. h3 Bh2+
15. Kh1 Be5 16. Rd3 O-O 17. Bb2 b5 18. axb5 axb5 19. Rxa8 Rxa8 20. Nxb5 Bxb5
21. Bxb5 Ne4 22. Bc6 Qxc6 23. Bxe5 Qc5 24. Bd4 Qf5 25. Kg1 Nxf2 26. Rd2 Ne4 27.
Rd1 Rd8 28. Rc1 h5 29. Qb2 e5 30. Bc3 Rd3 31. b4 Qg5 32. b5 Qxe3+ 33. Kh1 Nf2+
34. Kh2 Qg3+ 35. Kg1 Nxh3+ 36. Kh1 Nf2+ 37. Kg1 Ng4 38. Bxe5 Qxe5 39. Rc8+ Kh7
40. Qb1 Qd4+ 0-1